21st century sociology: a reference handbook (Record no. 10240)
[ view plain ]
| 000 -LEADER | |
|---|---|
| fixed length control field | 00480nam a2200157Ia 4500 |
| 082 ## - DEWEY DECIMAL CLASSIFICATION NUMBER | |
| Classification number | RR 301 TWE- |
| 245 #0 - TITLE STATEMENT | |
| Title | 21st century sociology: a reference handbook |
| 260 ## - PUBLICATION, DISTRIBUTION, ETC. (IMPRINT) | |
| Place of publication | Thousand Oaks |
| Name of publisher | Sage Publications |
| Year of publication | 2007 |
| 500 ## - GENERAL NOTE | |
| General note | contents: 2 Vols. Vol.1 (xxxiv, 709p.) - v.2 (587p.) |
| 504 ## - BIBLIOGRAPHY, ETC. NOTE | |
| Bibliography, etc | includes index |
| 650 ## - SUBJECT ADDED ENTRY--TOPICAL TERM | |
| Topical Term | Sociology |
| Form subdivision | 21st century |
| 650 ## - SUBJECT ADDED ENTRY--TOPICAL TERM | |
| Topical Term | Sociology |
| Form subdivision | Handbooks and manuals etc., |
| 700 ## - ADDED ENTRY--PERSONAL NAME | |
| Personal name | Peck, Dennis L. |
| 700 ## - ADDED ENTRY--PERSONAL NAME | |
| Personal name | Bryant, Clifton D. |
| 942 ## - ADDED ENTRY ELEMENTS (KOHA) | |
| Koha item type | Books |
| Withdrawn status | Lost status | Damaged status | Not for loan | Home library | Current library | Date acquired | Serial Enumeration / chronology | Bill Date | Full call number | Accession Number | Price effective from | Koha item type |
|---|---|---|---|---|---|---|---|---|---|---|---|---|
| NASSDOC Library | NASSDOC Library | 31/12/1899 | V.1 | 2006-03-06 | RR 301 TWE- | 43918 | 18/04/2019 | Books | ||||
| NASSDOC Library | NASSDOC Library | 31/12/1899 | V.2 | 2006-03-06 | RR 301 TWE- | 43919 | 18/04/2019 | Books |
